कन्सल्टिंग रूम (Record no. 424291)

MARC details
000 -LEADER
fixed length control field 00473nam a2200145Ia 4500
008 - FIXED-LENGTH DATA ELEMENTS--GENERAL INFORMATION
fixed length control field 100122s9999 xx 000 0 und d
082 ## - DEWEY DECIMAL CLASSIFICATION NUMBER
Item number 44554
Classification number 823.08
100 ## - MAIN ENTRY--PERSONAL NAME
Personal name अक्षीकर श्री के
245 ## - TITLE STATEMENT
Title कन्सल्टिंग रूम
260 ## - PUBLICATION, DISTRIBUTION, ETC. (IMPRINT)
Name of publisher, distributor, etc नीहारा प्रकाशन
Date of publication, distribution, etc 1990
300 ## - PHYSICAL DESCRIPTION
Extent 106
630 ## - SUBJECT ADDED ENTRY--UNIFORM TITLE
Uniform title कन्सल्टिंग रूम
730 ## - ADDED ENTRY--UNIFORM TITLE
Uniform title कन्सल्टिंग रूम
942 ## - ADDED ENTRY ELEMENTS (KOHA)
Koha item type Book
Holdings
Withdrawn status Lost status Damaged status Not for loan Home library Current library Date acquired Cost, normal purchase price Total Checkouts Full call number Barcode Date last seen Cost, replacement price Price effective from Koha item type Public note
        S.V. Pathak Library, Vile Parle S.V. Pathak Library, Vile Parle 01/12/1991 40.00   44554 SVPPARLE-44554 01/25/2010 40.00 01/25/2010 Book General NA